000 01036nam a22001817a 4500
008 250314b |||||||| |||| 00| 0 eng d
020 _a9789937235037
082 _223rd.
_aN305.8
_bMu712k
100 1 _aमुखिया, बाघ वीर (कुमाल)
241 _aKumal samajko samajik sanskritik, aarthik tatha vividha vishaya sametera gareko adhyayan Chirtungadhara Ga.Bi.Sa., Palpa / Bagh Vir Mukhiya (Kumal).
245 _aकुमाल समाजको सामाजिक सांस्कृतिक, आर्थिक तथा विविध विषय समेटेर गरेको अध्ययन चिर्तुङ्गधारा गा.वि.सा., पाल्पा /
_cबाघ वीर मुखिया (कुमाल).
260 _a[s.l] :
_bराधा देवी मुखिया,
_c२०६८वि.
300 _a120p. : ill.
500 _aIncludes references.
650 _aजातजाति
_937007
650 _aEthnic group
942 _2ddc
_cISBN
999 _c120797
_d120785